MARC

LEADER 00000nab a2200000 a 4500
001 vtls000153233
003 SK-MaSNL
005 20260302210424.0
008 180405c1983 xo 0 slo
015 |a SNBRB19rr/mm-uuuuu 
035 |a CL0163340 
040 |a SNKBUCL  |b slo  |c SNKBUCL  |e AACR2 
041 0 |a slo 
044 |a xo  |c SK 
080 |a 947  |2 1981 
080 |a 355.46  |2 1981 
080 |a 929 Čečnevová, Marina Pavlovna  |2 1981 
100 1 |a Herzogová, Emília  |4 aut  |9 841541 
245 1 0 |a Požičaná babička  |c Emília Herzogová 
300 |b Obr. 3. 
600 1 7 |a Čečneva, Marina Pavlovna  |2 snkbucl  |9 933363 
610 1 7 |a Sovietsky zväz.  |b Raboče-Kresťjanskaja Krasnaja Armija  |2 snkbucl 
648 7 |a 1941-1945  |2 snkbucl  |9 343097 
650 0 7 |a druhá svetová vojna (1939-1945)  |z Sovietsky zväz  |2 snkbucl  |9 176612 
651 7 |a Sovietsky zväz  |2 snkbucl  |9 22126 
655 7 |a články z novín a časopisov  |2 snkbucl  |9 267496 
773 0 |t Nedeľná Pravda  |g Roč. 16, č. 18 (1983), s. 8 
850 |a Slovenská národná knižnica v Martine  |a MTA001 
852 |a SNK  |b KIS3GCP 
958 |a RK 
992 |a RBX 
999 |c 1482621  |d 1484551